000 00896cam a2200277 a 4500
001 16252571
005 20180201065821.0
008 100526s2010 nju b 001 0 eng
010 _a 2010022315
015 _aGBB092604
_2bnb
016 7 _a015618621
_2Uk
020 _a9780691142074 (hardcover : alk. paper)
020 _a0691142076 (hardcover : alk. paper)
035 _a(OCoLC)ocn610835721
040 _aDLC
_cDLC
_dYDX
_dBTCTA
_dYDXCP
_dUKM
_dRCJ
_dCDX
_dSBM
_dDLC
041 _aeng
080 _a303.34 nan
082 0 0 _a303.34 nan
_222
100 1 _a54
101 _aled
245 1 0 _aThinking about leadership /
_cNannerl O. Keohane.
504 _aIncludes bibliographical references (p. [267]-282) and index.
906 _a7
_bcbc
_corignew
_d1
_eecip
_f20
_gy-gencatlg
942 _2ddc
_cBK
999 _c41519
_d41519